000
00410nam a2200145Ia 4500
008
090124s9999 xx 000 0 und d
082
_b
400377
245
_a
जादुगार फकीर
250
_a
1
260
_b
चौधरी रामकृष्ण
_c
1975
300
_a
40
630
_a
जादुगार फकीर
730
_a
जादुगार फकीर
942
_c
BOOK
999
_c
196298
_d
196298